[Event "COL-ch Superate Intercol U14"]
[Site "Barranquilla"]
[Date "2018.11.19"]
[Round "1.8"]
[White "Camacho Beltran, Frank Kelvin"]
[Black "Rosado Uriana, Rafael de Jesus"]
[Result "0-1"]
[WhiteElo "1482"]
[BlackElo "1536"]
[PlyCount "144"]
[EventDate "2018.11.19"]
[EventType "swiss"]
[EventRounds "7"]
[EventCountry "COL"]
[SourceTitle "EXT 2024"]
[Source "ChessBase"]
[SourceDate "2023.10.10"]
[SourceVersion "1"]
[SourceVersionDate "2023.10.10"]
[SourceQuality "1"]

1. d4 Nf6 2. e3 g6 3. Nf3 Bg7 4. Bc4 d5 5. Bb3 Bg4 6. h3 Bxf3 7. Qxf3 0-0 8. c4 c6 9. Nc3 dxc4 10. Bxc4 Nbd7 11. d5 Nb6 12. Bd3 Nfxd5 13. Ne4 Nb4 14. Bb1 Nd3+ 15. Bxd3 Qxd3 16. h4 Nd5 17. a3 Nf6 18. Nxf6+ Bxf6 19. h5 Qd5 20. Qxd5 cxd5 21. hxg6 hxg6 22. Bd2 Rac8 23. Rb1 Rc2 24. b4 Ra2 25. Bc1 Rc8 26. 0-0 Rcc2 27. g3 Be5 28. Kg2 d4 29. e4 d3 30. Be3 Rxa3 31. Rfd1 Rc4 32. f3 Rc2+ 33. Kh3 d2 34. f4 Rxe3 35. fxe5 Rxe4 36. Ra1 Rxe5 37. Rxa7 Re1 38. Raa1 Rc1 39. Ra8+ Kg7 40. Rxd2 Rh1+ 41. Rh2 Rxh2+ 42. Kxh2 Rc4 43. b5 Rb4 44. Ra5 b6 45. Ra7 Kf6 46. Rc7 Rxb5 47. Rc6+ Kf5 48. Rc7 Re5 49. Rb7 b5 50. Kh3 Kg5 51. Rd7 b4 52. Rd4 Rb5 53. Rg4+ Kf6 54. Rf4+ Kg7 55. Re4 b3 56. Re1 b2 57. Rb1 Kf6 58. Kg4 Ke5 59. Kf3 Kd4 60. Ke2 Kc3 61. Kd1 Rd5+ 62. Ke2 Kc2 63. Rf1 Re5+ 64. Kf2 Rf5+ 65. Kg2 Rxf1 66. Kxf1 b1Q+ 67. Kf2 Kd2 68. Kf3 Qf5+ 69. Kg2 Ke2 70. Kg1 Qh3 71. g4 Kf3 72. g5 Qg2# 0-1